مكتبة جامعة عجلون الوطنية

فهرس بحث المكتبة

Normal view MARC view
  • الأردن-تاريخ-التربية والتعليم-وثائق تربوية-الملك عبد الله المؤسس1921م-1951م

Entry Topical Term

Number of records used in: 1

001 - CONTROL NUMBER

  • control field: 11095

003 - CONTROL NUMBER IDENTIFIER

  • control field: JO-AjAnu

005 - DATE AND TIME OF LATEST TRANSACTION

  • control field: 20230606072100.0

008 - FIXED-LENGTH DATA ELEMENTS

  • fixed length control field: 230606|| aca||aabn | a|a d

040 ## - CATALOGING SOURCE

  • Original cataloging agency: JO-AjAnu
  • Transcribing agency: JO-AjAnu

150 ## - HEADING--TOPICAL TERM

  • Topical term or geographic name entry element: الأردن-تاريخ-التربية والتعليم-وثائق تربوية-الملك عبد الله المؤسس1921م-1951م

670 ## - SOURCE DATA FOUND

  • Source citation: Work cat.: (JO-AjAnu)5712: المدني،زياد عبد العزيز, author 11094, وثائق تربوية أردنية في عهد الملك المؤسس عبدالله الأول بن الحسين 1921م-1951م